| 000 -LEADER |
| fixed length control field |
00877nam a2200241Ia 4500 |
| 001 - CONTROL NUMBER |
| control field |
17421 |
| 003 - CONTROL NUMBER IDENTIFIER |
| control field |
GE_BSU |
| 005 - DATE AND TIME OF LATEST TRANSACTION |
| control field |
20200213123708.0 |
| 008 - FIXED-LENGTH DATA ELEMENTS--GENERAL INFORMATION |
| fixed length control field |
181216s2013ru xx |||||||||||||| ||rus|| |
| 010 ## - LIBRARY OF CONGRESS CONTROL NUMBER |
| LC control number |
9785865475163 |
| 040 ## - CATALOGING SOURCE |
| Transcribing agency |
GE_BSU |
| 080 ## - UNIVERSAL DECIMAL CLASSIFICATION NUMBER |
| Universal Decimal Classification number |
811.161.1 П-88 |
| 100 ## - MAIN ENTRY--PERSONAL NAME |
| Personal name |
Пухаева, Л.С. |
| 9 (RLIN) |
7035 |
| 245 ## - TITLE STATEMENT |
| Title |
Русский язык в мире экономики / |
| Statement of responsibility, etc. |
Л.С. Пухаева ; Л.Н. Ольхова ; Ред. Л.С.Степанова. |
| 250 ## - EDITION STATEMENT |
| Edition statement |
4-е издание |
| 264 ## - PRODUCTION, PUBLICATION, DISTRIBUTION, MANUFACTURE, AND COPYRIGHT NOTICE |
| Place of production, publication, distribution, manufacture |
Санкт-Петербург : |
| Name of producer, publisher, distributor, manufacturer |
Златоуст, |
| Date of production, publication, distribution, manufacture, or copyright notice |
2013. |
| 300 ## - PHYSICAL DESCRIPTION |
| Extent |
116 стр.: |
| Dimensions |
26см. |
| 653 ## - INDEX TERM--UNCONTROLLED |
| keyword |
Русский язык в мире экономики |
| 653 ## - INDEX TERM--UNCONTROLLED |
| keyword |
რუსული ენა |
| 700 ## - ADDED ENTRY--PERSONAL NAME |
| Personal name |
Ольхова,Л.Н. |
| 9 (RLIN) |
7036 |
| 700 ## - ADDED ENTRY--PERSONAL NAME |
| Personal name |
Степанова, Л.С. |
| Relator term |
რედაქტორი |
| 9 (RLIN) |
7037 |
| 942 ## - ADDED ENTRY ELEMENTS (KOHA) |
| Koha item type |
წიგნი |
| Source of classification or shelving scheme |
|